| 000 | 00402nam a2200145Ia 4500 | ||
|---|---|---|---|
| 003 | GCL | ||
| 008 | 140319s9999 xx 000 0 ara d | ||
| 040 |
_aGCL / _cGCL |
||
| 082 | 0 | 4 |
_aد _b050 _bش م |
| 100 | 1 | _aعلى خاطر | |
| 245 | 1 | 0 |
_aمرشد الكمبيوتر / _cعلى خاطر |
| 260 |
_a[S.N] : _bشركة علي خاطر ، _c1995 |
||
| 300 | _a79 | ||
| 490 |
_aدراسات وبحوث _v0 |
||
| 999 |
_c26976 _d26976 |
||